000 00460nam a2200181 a 4500
001 28332
005 20180713231207.0
008 140415s1993 mx 000 0 spa d
020 _a088730592X
041 _aspa
082 _a658.8
_bALR
100 1 _aJACK TRAUT, AL RIES
245 1 3 _aLA 22 LEYES INMUTABLES DEL MARKETING
250 _a1a ed.
260 _aMEXICO :
_bMC GRAW HILL,
_c1993
300 _a187
_c14 x 1 x 22
520 _aRP
999 _c28332
_d28332